<?xml version="1.0" encoding="UTF-8"?>
<record
    xmlns:xsi="http://www.w3.org/2001/XMLSchema-instance"
    xsi:schemaLocation="http://www.loc.gov/MARC21/slim http://www.loc.gov/standards/marcxml/schema/MARC21slim.xsd"
    xmlns="http://www.loc.gov/MARC21/slim">

  <leader>01995nam a2200265 a 4500</leader>
  <controlfield tag="005">20191224041837.0</controlfield>
  <controlfield tag="008">140129b2003    ck ||||| |||| 00| 0 spa d</controlfield>
  <datafield tag="040" ind1=" " ind2=" ">
    <subfield code="c">CO-BoIH</subfield>
    <subfield code="a">CO-BoIAVH</subfield>
  </datafield>
  <datafield tag="041" ind1=" " ind2=" ">
    <subfield code="a">spa</subfield>
  </datafield>
  <datafield tag="044" ind1=" " ind2=" ">
    <subfield code="a">ck</subfield>
  </datafield>
  <datafield tag="090" ind1=" " ind2=" ">
    <subfield code="a">IAVH</subfield>
    <subfield code="b">00968</subfield>
  </datafield>
  <datafield tag="100" ind1=" " ind2=" ">
    <subfield code="a">Quiceno, Mar&#xED;a Paula</subfield>
  </datafield>
  <datafield tag="245" ind1=" " ind2=" ">
    <subfield code="a">Caracterizaci&#xF3;n de uso de biodiversidad en el santuario de flora y fauna Ot&#xFA;n-Quimbaya y zonas aleda&#xF1;as (La Suiza y La Florida)</subfield>
    <subfield code="b">informe final de resultados</subfield>
  </datafield>
  <datafield tag="260" ind1=" " ind2=" ">
    <subfield code="a">Bogot&#xE1;</subfield>
    <subfield code="b">Instituto Alexander von Humboldt</subfield>
    <subfield code="c">2003</subfield>
  </datafield>
  <datafield tag="300" ind1=" " ind2=" ">
    <subfield code="a">58 p.</subfield>
  </datafield>
  <datafield tag="520" ind1=" " ind2=" ">
    <subfield code="a">Permite evidenciar los intereses que tienen las comunidades en cuanto al desarrollo de alternativas productivas basadas en el uso de productos silvestres, buscar nuevas oportunidades de manejo de otros recursos o definir estrategias de uso basadas en pr&#xE1;cticas actuales que contribuyan a la conservaci&#xF3;n de estos. Esa tarea requiere el reconocimiento y definici&#xF3;n de mecanismos de fortalecimiento de las estructuras culturales y sociales, que promuevan la protecci&#xF3;n y la transmisi&#xF3;n interna del conocimiento referido al uso y manejo de los ecosistemas. En el presente informe se incluyen las caracterizaciones de uso de los recursos, tanto de flora como de fauna, reportados por las comunidades locales, los patrones culturales de uso y t&#xE9;cnicas de apropiaci&#xF3;n del recurso. Se espera adem&#xE1;s, entender los procesos tradicionales en la relaci&#xF3;n comunidad - recurso y comunidad - entorno natural para entender las din&#xE1;micas de uso de los recursos, indagar acerca de las tradiciones culturales que rodean los recursos y finalmente, identificar las reglas de acceso al mismo</subfield>
  </datafield>
  <datafield tag="650" ind1=" " ind2=" ">
    <subfield code="a">Caracterizaci&#xF3;n</subfield>
  </datafield>
  <datafield tag="650" ind1=" " ind2=" ">
    <subfield code="a">Uso de biodiversidad</subfield>
  </datafield>
  <datafield tag="662" ind1=" " ind2=" ">
    <subfield code="a">Colombia</subfield>
    <subfield code="c">Santuario de Fauna y Flora Ot&#xFA;n - Quimbaya</subfield>
  </datafield>
  <datafield tag="700" ind1=" " ind2=" ">
    <subfield code="a">Angel E., Dafna C.</subfield>
  </datafield>
  <datafield tag="700" ind1=" " ind2=" ">
    <subfield code="a">Vieira M., Mar&#xED;a Isabel</subfield>
  </datafield>
  <datafield tag="856" ind1=" " ind2=" ">
    <subfield code="u"> http://hdl.handle.net/20.500.11761/32564   </subfield>
  </datafield>
  <datafield tag="942" ind1=" " ind2=" ">
    <subfield code="c">INFORME</subfield>
    <subfield code="2">z</subfield>
  </datafield>
  <datafield tag="945" ind1=" " ind2=" ">
    <subfield code="d">2008-09-16</subfield>
  </datafield>
  <datafield tag="999" ind1=" " ind2=" ">
    <subfield code="c">6587</subfield>
    <subfield code="d">6587</subfield>
  </datafield>
  <datafield tag="952" ind1=" " ind2=" ">
    <subfield code="0">0</subfield>
    <subfield code="1">0</subfield>
    <subfield code="2">z</subfield>
    <subfield code="4">0</subfield>
    <subfield code="7">0</subfield>
    <subfield code="8">HUMBOLDT</subfield>
    <subfield code="a">Bogota</subfield>
    <subfield code="b">Bogota</subfield>
    <subfield code="d">2008-09-16</subfield>
    <subfield code="l">0</subfield>
    <subfield code="o">IAVH-00968</subfield>
    <subfield code="p">026392</subfield>
    <subfield code="r">2024-08-09 00:00:00</subfield>
    <subfield code="t">Ej. 1</subfield>
    <subfield code="w">2012-12-04</subfield>
    <subfield code="y">INFORME</subfield>
  </datafield>
</record>
